Lokalizácia automobilového priemyslu a jej vplyv na regionálny rozvoj SR

Na minha lista:
Detalhes bibliográficos
Autor principal: Pástor, Rudolf
Formato: Capítulo de Livro
Idioma:eslovaco
Tags: Adicionar Tag
Sem tags, seja o primeiro a adicionar uma tag!

MARC

LEADER 00000naa$a2200000$$$4500
001 0128122
005 20240502072449.0
041 0 |a slo 
044 |a SK 
245 1 0 |a Lokalizácia automobilového priemyslu a jej vplyv na regionálny rozvoj SR  |c Rudolf Pástor 
100 1 |a Pástor, Rudolf